Southville International School and Colleges
Your cart is empty.
  • Cart
  • Lists
    Public lists Eva Luna New books Lux_list list_1
    Your lists Log in to create your own lists
  • Log in to your account
  • Your cookies
  • Search history
Southville International School and Colleges
  • Advanced search
  • Recent comments
  • Most popular
  • Libraries

Log in to your account

Log in with GOOGLE


If you do not have an external account, but do have a local account, you can still log in:

  1. Home
  2. MARC view: Mathematics:
Normal view MARC view ISBD view

Mathematics: (Record no. 367544)

[ view plain ]
MARC details
000 -LEADER
fixed length control field 01049nam a22002057a 4500
003 - CONTROL NUMBER IDENTIFIER
control field 0
005 - DATE AND TIME OF LATEST TRANSACTION
control field 20250820151754.0
008 - FIXED-LENGTH DATA ELEMENTS--GENERAL INFORMATION
fixed length control field 250820b xxu||||| |||| 00| 0 eng d
020 ## - INTERNATIONAL STANDARD BOOK NUMBER
International Standard Book Number 978-0-19-842699-8
050 ## - LIBRARY OF CONGRESS CALL NUMBER
Classification number TR IB QA 11.2
Item number .M38 2019
245 ## - TITLE STATEMENT
Title Mathematics:
Remainder of title Applications and Interpretation /
Statement of responsibility, etc Paul Belcher, Jennifer Chang Wathall, Suzanne Doering, Phil Duxbury, Panyiotis Economopoulos, Jane Forrest, Peter Gray, Tony Halsey, David Harris, Lorraine Heinrichs, Ed Kemp, Paul La Rondie, Palmira Mariz Seiler, Michael Ortman, Nuriye Sirinoglu Singh, Nadia Stoyanova Kennedy, & Paula Waldman.
260 ## - PUBLICATION, DISTRIBUTION, ETC. (IMPRINT)
Place of publication, distribution, etc Oxford, United Kingdom :
Name of publisher, distributor, etc Oxford University Press,
Date of publication, distribution, etc 2025.
300 ## - PHYSICAL DESCRIPTION
Extent x, 678 pages :
Other physical details color illustrations ;
Dimensions 26 cm.
500 ## - GENERAL NOTE
General note Standard Level <br/>Course Companion.
504 ## - BIBLIOGRAPHY, ETC. NOTE
Bibliography, etc Includes bibliographical references and index.
650 ## - SUBJECT ADDED ENTRY--TOPICAL TERM
Topical term or geographic name as entry element Mathematics
Form subdivision Study and teaching (Secondary)
-- Textbooks.
650 ## - SUBJECT ADDED ENTRY--TOPICAL TERM
Topical term or geographic name as entry element International Baccalaureate
Form subdivision Textbooks.
650 ## - SUBJECT ADDED ENTRY--TOPICAL TERM
Topical term or geographic name as entry element Mathematics
Form subdivision Problems, exercises, etc.
942 ## - ADDED ENTRY ELEMENTS (KOHA)
Source of classification or shelving scheme Library of Congress Classification
Koha item type Books
Holdings
Withdrawn status Lost status Source of classification or shelving scheme Damaged status Home library Current library Shelving location Date acquired Source of acquisition Total Checkouts Full call number Barcode Date last seen Price effective from Koha item type
    Library of Congress Classification   Luxembourg Library Luxembourg Library Teachers Reference Section 08/11/2025 Library Fund   TR IB QA 11.2 .M38 2019 IB0351 08/20/2025 08/20/2025 Books

Mathematics:

APA

(2025). Mathematics. Oxford, United Kingdom: Oxford University Press.

Chicago

2025. Mathematics. Oxford, United Kingdom: Oxford University Press.

Harvard

(2025). Mathematics. Oxford, United Kingdom: Oxford University Press.

MLA

Mathematics. Oxford, United Kingdom: Oxford University Press. 2025.

  • Place hold
  • Print
  • Cite
  • Add to your cart (remove)
  • Save record
    BIBTEX Dublin Core MARCXML MARC (non-Unicode/MARC-8) MARC (Unicode/UTF-8) MARC (Unicode/UTF-8, Standard) MODS (XML) RIS
  • More searches
    Search for this title in:
    Other Libraries (WorldCat) Other Databases (Google Scholar) Online Stores (Bookfinder.com) Open Library (openlibrary.org)

Exporting to Dublin Core...

SOUTHVILLE LIBRARY

Southville International School and Colleges Library

1281 Tropical Ave. Cor. Luxembourg St., BF Homes International, Las Pinas City

Tel. No. 8256374 / 252358 Loc. 117/146

Powered by Koha